Company of kinsmen: (Record no. 34923)

MARC details
000 -LEADER
fixed length control field 00936nam a22002417a 4500
005 - DATE AND TIME OF LATEST TRANSACTION
control field 20100331102847.0
008 - FIXED-LENGTH DATA ELEMENTS--GENERAL INFORMATION
fixed length control field 100331t xxu||||| |||| 00| 0 eng d
010 ## - LCCN (DPL NO)
LC control number ENG-95929
020 ## - INTERNATIONAL STANDARD BOOK NUMBER
International Standard Book Number 0198063784
Terms of availability 695.00
020 ## - INTERNATIONAL STANDARD BOOK NUMBER
International Standard Book Number 9780198063780
Terms of availability 695.00
035 ## - SYSTEM CONTROL NUMBER
System control number EN-79462
037 ## - SOURCE OF ACQUISITION
Source of stock number/acquisition DBAD/PUB
040 ## - CATALOGING SOURCE
Original cataloging agency DPL
082 ## - DEWEY DECIMAL CLASSIFICATION NUMBER
Classification number 330.954
100 ## - MAIN ENTRY--PERSONAL NAME
Personal name Roy, Tirthankar
245 ## - TITLE STATEMENT
Title Company of kinsmen:
Remainder of title enterprise and community in south asian history 1700-1940 /
Statement of responsibility, etc by Tirthankar Roy
260 ## - PUBLICATION, DISTRIBUTION, ETC. (IMPRINT)
Place of publication, distribution, etc New Delhi
Name of publisher, distributor, etc Oxford university press
Date of publication, distribution, etc 2010
270 ## - ADDRESS
Address YMCA library building, Jai Singh Road
City New Delhi
Postal code 110001
300 ## - PHYSICAL DESCRIPTION
Extent xiii, 252p. :
Dimensions 24cm. (Hb)
500 ## - GENERAL NOTE
General note includes bibliography and index
942 ## - ADDED ENTRY ELEMENTS (KOHA)
Source of classification or shelving scheme Dewey Decimal Classification
Item type English Books
Call number suffix ROY
Classification part 330.954
Holdings
Withdrawn status Lost status Source of classification or shelving scheme Materials specified (bound volume or other part) Damaged status Not for loan Collection code Home library Current library Date acquired Source of acquisition Cost, normal purchase price Total Checkouts Full call number Barcode Date last seen Copy number Cost, replacement price Koha item type
    Dewey Decimal Classification Hb   Not For Loan Non-fiction D.B.Act.Division D.B.Act.Division 26/02/2010 DBAD/PUB 695.00   330.954 ROY EN-79462 31/03/2010 1 695.00 English Books

© Delhi Public Library
Hit Counter
free hit counter